000 00744nas a2200253 4500
001 BR9502807
003 BR-BrBNA
005 20231205094026.0
007 ta
008 230509b bl.|||p| |||| 00| 00por d
040 _aBR-BrBNA
_bpor
_cBiblioteca Nacional de Agricultura
041 _a(Pt)
072 _aQ02; L02
100 1 _aMarques, T.A.
100 1 _aBaia, W.S.
245 1 _aMultiplicacao celular para producao de cachaca e possibilidade de utilizacao de levedura em racao animal
650 _aCachaca
650 _aLevedo
650 _aRacao
650 _aFermentacao Alcoolica
773 0 _tUNIMAR Ciencias (Brazil)
_x
_g(1994), v. 2 p. 35-38
_wBR9502807
909 _a202311
_bLúcia
_c55
_dLúcia Elande
942 _2AGRIS
_n0
_cANA
999 _c141653
_d141653